| 000 | 00687cam a22002293a 4500 | ||
|---|---|---|---|
| 001 | 30883 | ||
| 003 | PGUSA | ||
| 005 | 20140828083652.0 | ||
| 008 | 100107s2010||||xxu|||||s|||||000 | eng d | ||
| 040 |
_aPGUSA _beng |
||
| 042 | _adc | ||
| 050 | 4 | _aDT | |
| 100 | 1 |
_aAndree, Richard, _d1835-1912 |
|
| 245 | 1 | 0 |
_aAbessinien, das Alpenland unter den Tropen und seine Grenzländer _h[electronic resource] / _cRichard Andree |
| 260 |
_bProject Gutenberg, _c2010 |
||
| 506 | _aPublic domain in the USA. | ||
| 516 | _aElectronic text | ||
| 653 | _aEthiopia -- Description and travel | ||
| 830 | 0 |
_aProject Gutenberg _v30883 |
|
| 856 | 4 | 0 | _uhttp://www.gutenberg.org/ebooks/30883 |
| 942 | _cEB | ||
| 999 |
_c260138 _d260138 |
||